000 00622nam a2200205Ia 4500
005 20250923144716.0
008 008 250917s9999 xx 000 0 eng d
037 _aTextual
040 _aDSWL
_beng
_cDSWL
041 _aeng
_2eng
084 _aYX,46(X8);5-M.2'N5, N60
_qDSWL
100 _aChansarkar, M.A.
_9827597
245 0 _aSocial Insurance for the Indian working class
_cby M.A. Chansarkar
260 _aBombay
_b Vora & Co. Publishers
_c1960
300 _a224p.
365 _aINR
_b12
925 _g12
942 _cTEXL
_hYX,46(X8);5-M.2'N5, N60
999 _c1442338
_d1442338